[Event "GER-ch53 V02 email"]
[Site "GER email"]
[Date "2021.04.21"]
[Round "?"]
[White "Schuster, Ullrich"]
[Black "Habermehl, Tobias"]
[Result "1/2-1/2"]
[WhiteElo "2116"]
[BlackElo "2271"]
[PlyCount "88"]
[EventDate "2021.04.21"]
[EventType "tourn (corr)"]
[EventRounds "10"]
[EventCountry "GER"]
[SourceTitle "Corr 2024"]
[Source "ChessBase"]
[SourceDate "2023.10.19"]
[SourceVersion "1"]
[SourceVersionDate "2023.10.19"]
[SourceQuality "1"]

1. e4 c5 2. Nf3 Nc6 3. Bb5 g6 4. Bxc6 bxc6 5. 0-0 Bg7 6. Re1 Nh6 7. c3 0-0 8. h3 f5 9. e5 Nf7 10. d4 cxd4 11. cxd4 Bb7 12. Na3 c5 13. dxc5 Rc8 14. Be3 Bxf3 15. Qxf3 Nxe5 16. Qd5+ e6 17. Qd2 f4 18. Bd4 Qg5 19. Bxe5 Bxe5 20. Nc4 Bg7 21. Rac1 Rxc5 22. Qxd7 Qd5 23. Qxe6+ Qxe6 24. Rxe6 Bxb2 25. Rc2 Bg7 26. Re4 f3 27. Rd2 fxg2 28. Rd7 a5 29. Ne3 Rf7 30. Re8+ Bf8 31. Rxf7 Kxf7 32. Rd8 Rc1+ 33. Kxg2 Ra1 34. Rd7+ Kg8 35. Nd5 Bg7 36. Ne7+ Kf8 37. Nc6 Rxa2 38. Rd8+ Kf7 39. Rd7+ Kf6 40. Rd6+ Kf5 41. Rd5+ Ke4 42. Rxa5 Rxa5 43. Nxa5 Bh6 44. Nb3 Kf5 1/2-1/2

[Event "GER-ch48 final email"]
[Site "GER email"]
[Date "2018.09.24"]
[Round "?"]
[White "Koerber, Bernhard"]
[Black "Schuster, Ullrich"]
[Result "1/2-1/2"]
[WhiteElo "2413"]
[BlackElo "2354"]
[PlyCount "86"]
[EventDate "2018.??.??"]
[EventType "tourn (corr)"]
[EventRounds "14"]
[EventCountry "GER"]
[SourceTitle "Corr 2022"]
[Source "ChessBase"]
[SourceDate "2021.10.24"]
[SourceVersion "1"]
[SourceVersionDate "2021.10.24"]
[SourceQuality "1"]

1. e4 c5 2. Nc3 a6 3. f4 e6 4. Nf3 d5 5. d3 Be7 6. g3 d4 7. Ne2 Nf6 8. Bg2 b5 9. a4 b4 10. Nd2 a5 11. Nc4 Bb7 12. Ng1 Nbd7 13. Nf3 Nb6 14. Nxb6 Qxb6 15. Nd2 Qc7 16. Nc4 Nd7 17. Qe2 Nb6 18. Nxb6 Qxb6 19. b3 0-0-0 20. Bd2 Kb8 21. 0-0-0 Bc6 22. Kb2 Qb7 23. g4 c4 24. dxc4 f5 25. Rde1 Bh4 26. g5 Bxe1 27. Rxe1 d3 28. cxd3 fxe4 29. dxe4 Rd7 30. Bh3 Rhd8 31. Bc1 Rd4 32. Bxe6 Rxe4 33. Qf2 Rxe1 34. Qxe1 Qc7 35. Bg4 Kb7 36. h3 g6 37. Ka2 Qd6 38. f5 Qh2+ 39. Bb2 gxf5 40. Bxf5 Rd2 41. Qe7+ Bd7 42. Be4+ Ka7 43. Qg7 Qxh3 1/2-1/2

[Event "GER-ch48 final email"]
[Site "GER email"]
[Date "2018.09.24"]
[Round "?"]
[White "Schaefer, Uwe"]
[Black "Schuster, Ullrich"]
[Result "1/2-1/2"]
[WhiteElo "2460"]
[BlackElo "2354"]
[PlyCount "61"]
[EventDate "2018.??.??"]
[EventType "tourn (corr)"]
[EventRounds "14"]
[EventCountry "GER"]
[SourceTitle "Corr 2020"]
[Source "ChessBase"]
[SourceDate "2019.09.30"]
[SourceVersion "1"]
[SourceVersionDate "2019.09.30"]
[SourceQuality "1"]

1. d4 d5 2. c4 c6 3. Nf3 Nf6 4. Nc3 e6 5. Bg5 h6 6. Bh4 dxc4 7. e4 g5 8. Bg3 b5 9. h4 g4 10. Ne5 Rg8 11. Be2 Nbd7 12. 0-0 Nxe5 13. Bxe5 Bb7 14. g3 a6 15. Re1 Nd7 16. Bf4 h5 17. Qc2 Qf6 18. a4 Rd8 19. Red1 Be7 20. Be3 b4 21. Nb1 c5 22. dxc5 c3 23. c6 Bxc6 24. bxc3 Bc5 25. Bd4 b3 26. Qxb3 e5 27. Bxc5 Nxc5 28. Rxd8+ Qxd8 29. Qc4 Qd6 30. Nd2 Ke7 31. Nb3 1/2-1/2

[Event "GER-ch48 final email"]
[Site "GER email"]
[Date "2018.09.24"]
[Round "?"]
[White "Schuster, Ullrich"]
[Black "Scheiba, Manfred"]
[Result "1/2-1/2"]
[WhiteElo "2354"]
[BlackElo "2420"]
[PlyCount "53"]
[EventDate "2018.??.??"]
[EventType "tourn (corr)"]
[EventRounds "14"]
[EventCountry "GER"]
[SourceTitle "Corr 2020"]
[Source "ChessBase"]
[SourceDate "2019.09.30"]
[SourceVersion "1"]
[SourceVersionDate "2019.09.30"]
[SourceQuality "1"]

1. e4 c5 2. Nf3 Nc6 3. d4 cxd4 4. Nxd4 Nf6 5. Nc3 e5 6. Ndb5 d6 7. Bg5 a6 8. Na3 b5 9. Nd5 Be7 10. Bxf6 Bxf6 11. c3 0-0 12. Nc2 Bg5 13. a4 bxa4 14. Rxa4 a5 15. Bc4 Bd7 16. Nce3 Ne7 17. Ra2 Nxd5 18. Nxd5 a4 19. 0-0 Rb8 20. Bd3 g6 21. Qe2 Qc8 22. Nb4 Kg7 23. Rfa1 Bd8 24. Bc2 Bb6 25. Nd5 Qb7 26. Bxa4 Be6 27. Bb3 1/2-1/2

[Event "GER CM04-C email"]
[Site "GER email"]
[Date "2017.06.26"]
[Round "?"]
[White "Engelen, Johan"]
[Black "Schuster, Ullrich"]
[Result "1/2-1/2"]
[WhiteElo "2362"]
[BlackElo "2352"]
[PlyCount "69"]
[EventDate "2017.??.??"]
[EventType "tourn (corr)"]
[EventRounds "10"]
[EventCountry "GER"]
[SourceTitle "Corr 2020"]
[Source "ChessBase"]
[SourceDate "2019.09.30"]
[SourceVersion "1"]
[SourceVersionDate "2019.09.30"]
[SourceQuality "1"]

1. e4 c5 2. Nf3 Nc6 3. Nc3 e5 4. Bc4 Be7 5. d3 Nf6 6. Nd2 d6 7. Nf1 Bg4 8. f3 Be6 9. Ne3 0-0 10. 0-0 Nh5 11. g3 Bg5 12. Ncd5 Bxe3+ 13. Bxe3 Ne7 14. Bg5 Bxd5 15. Bxd5 h6 16. Bh4 Qd7 17. f4 Nxd5 18. exd5 g6 19. f5 Ng7 20. g4 gxf5 21. gxf5 f6 22. Qf3 Qf7 23. Kh1 Qh5 24. Qe4 Kh7 25. Rg1 Rac8 26. Rg4 Rg8 27. Rag1 Nxf5 28. Rxg8 Rxg8 29. Rf1 Rg4 30. Qxf5+ Qxf5 31. Rxf5 Rxh4 32. Rxf6 e4 33. Rxd6 exd3 34. cxd3 Rd4 35. Rd7+ 1/2-1/2

[Event "GER CM04-C email"]
[Site "GER email"]
[Date "2017.06.26"]
[Round "?"]
[White "Sampieri, Maurizio"]
[Black "Schuster, Ullrich"]
[Result "1/2-1/2"]
[WhiteElo "2362"]
[BlackElo "2352"]
[PlyCount "63"]
[EventDate "2017.??.??"]
[EventType "tourn (corr)"]
[EventRounds "10"]
[EventCountry "GER"]
[SourceTitle "Corr 2020"]
[Source "ChessBase"]
[SourceDate "2019.09.30"]
[SourceVersion "1"]
[SourceVersionDate "2019.09.30"]
[SourceQuality "1"]

1. d4 d5 2. c4 c6 3. Nf3 Nf6 4. Nc3 e6 5. e3 Nbd7 6. Qc2 Bd6 7. b3 0-0 8. Bd3 e5 9. cxd5 cxd5 10. Nxe5 Nxe5 11. dxe5 Bxe5 12. Bb2 Re8 13. Ne2 d4 14. e4 Ng4 15. h3 Qh4 16. g3 Qh5 17. Qd2 Nf6 18. 0-0-0 Qf3 19. Nxd4 Bxd4 20. Bxd4 Nxe4 21. Qe3 Qxe3+ 22. Bxe3 Bf5 23. Bd4 h5 24. Kb2 Nd6 25. g4 Bxd3 26. Rxd3 Re2+ 27. Kb1 Ne4 28. Re3 Rxe3 29. Bxe3 Nc3+ 30. Kb2 Nd5 31. Bd2 Re8 32. Kc2 1/2-1/2

[Event "GER CM04-C email"]
[Site "GER email"]
[Date "2017.06.26"]
[Round "?"]
[White "Schuster, Ullrich"]
[Black "Peterc, Ciril"]
[Result "1/2-1/2"]
[WhiteElo "2352"]
[BlackElo "2360"]
[PlyCount "75"]
[EventDate "2017.??.??"]
[EventType "tourn (corr)"]
[EventRounds "10"]
[EventCountry "GER"]
[SourceTitle "Corr 2020"]
[Source "ChessBase"]
[SourceDate "2019.09.30"]
[SourceVersion "1"]
[SourceVersionDate "2019.09.30"]
[SourceQuality "1"]

1. Nf3 Nf6 2. c4 e6 3. Nc3 d5 4. d4 c6 5. Bg5 dxc4 6. e4 b5 7. e5 h6 8. Bh4 g5 9. Nxg5 hxg5 10. Bxg5 Nbd7 11. g3 Rg8 12. h4 Rxg5 13. hxg5 Nd5 14. g6 fxg6 15. Qg4 Qe7 16. Bg2 N7b6 17. Qxg6+ Qf7 18. Be4 Qxg6 19. Bxg6+ Kd7 20. Rh7+ Be7 21. Ne4 Kc7 22. g4 Nd7 23. Bf7 Nf8 24. Rg7 Kb6 25. 0-0-0 a5 26. g5 a4 27. Rg8 a3 28. g6 Nxg6 29. Bxg6 axb2+ 30. Kxb2 Ba3+ 31. Kc2 Ne7 32. Rg7 Nd5 33. Rf7 Bb4 34. Kb1 Ra3 35. Rg1 Rh3 36. Rh7 Rf3 37. Rg3 Rf4 38. Rf7 1/2-1/2

[Event "GER CM04-C email"]
[Site "GER email"]
[Date "2017.06.26"]
[Round "?"]
[White "Schuster, Ullrich"]
[Black "Zajsek, Franc"]
[Result "1/2-1/2"]
[WhiteElo "2352"]
[BlackElo "2342"]
[PlyCount "69"]
[EventDate "2017.??.??"]
[EventType "tourn (corr)"]
[EventRounds "10"]
[EventCountry "GER"]
[SourceTitle "Corr 2020"]
[Source "ChessBase"]
[SourceDate "2019.09.30"]
[SourceVersion "1"]
[SourceVersionDate "2019.09.30"]
[SourceQuality "1"]

1. Nf3 d5 2. d4 Nf6 3. c4 c6 4. Nc3 e6 5. Bg5 h6 6. Bh4 dxc4 7. e4 g5 8. Bg3 b5 9. Be2 Bb7 10. Qc2 Nh5 11. Rd1 Bg7 12. Be5 Nd7 13. Bxg7 Nxg7 14. Qc1 Qc7 15. h4 g4 16. Ne5 Nxe5 17. dxe5 Qxe5 18. Bxg4 f5 19. Bf3 b4 20. Na4 fxe4 21. Qe3 Nf5 22. Qxe4 Qxe4+ 23. Bxe4 Rd8 24. Nc5 Bc8 25. g4 Ne7 26. Rxd8+ Kxd8 27. Ke2 Nd5 28. Rc1 c3 29. bxc3 Rg8 30. Bxd5 exd5 31. f3 bxc3 32. Rxc3 Kc7 33. Ra3 Kb6 34. Rc3 Kc7 35. Ra3 1/2-1/2

[Event "GER CM04-C email"]
[Site "GER email"]
[Date "2017.06.26"]
[Round "?"]
[White "Smirnovs, Aleksandrs"]
[Black "Schuster, Ullrich"]
[Result "1/2-1/2"]
[WhiteElo "2371"]
[BlackElo "2352"]
[PlyCount "55"]
[EventDate "2017.??.??"]
[EventType "tourn (corr)"]
[EventRounds "10"]
[EventCountry "GER"]
[SourceTitle "Corr 2020"]
[Source "ChessBase"]
[SourceDate "2019.09.30"]
[SourceVersion "1"]
[SourceVersionDate "2019.09.30"]
[SourceQuality "1"]

1. e4 c5 2. Nf3 Nc6 3. d4 cxd4 4. Nxd4 Nf6 5. Nc3 e5 6. Ndb5 d6 7. Bg5 a6 8. Na3 b5 9. Nd5 Be7 10. Bxf6 Bxf6 11. c3 Ne7 12. Nxf6+ gxf6 13. Nc2 Bb7 14. Bd3 d5 15. Qe2 dxe4 16. Bxe4 Bxe4 17. Qxe4 Qd5 18. Qxd5 Nxd5 19. g3 f5 20. 0-0 Ke7 21. f4 exf4 22. Rad1 Rhd8 23. Nd4 Kf6 24. Nc6 Rd7 25. Rxf4 Nxf4 26. Rxd7 Ne6 27. Nb4 a5 28. Nd5+ 1/2-1/2

[Event "GER CM04-C email"]
[Site "GER email"]
[Date "2017.06.26"]
[Round "?"]
[White "Timko, Viktor"]
[Black "Schuster, Ullrich"]
[Result "1/2-1/2"]
[WhiteElo "2354"]
[BlackElo "2352"]
[PlyCount "59"]
[EventDate "2017.??.??"]
[EventType "tourn (corr)"]
[EventRounds "10"]
[EventCountry "GER"]
[SourceTitle "Corr 2020"]
[Source "ChessBase"]
[SourceDate "2019.09.30"]
[SourceVersion "1"]
[SourceVersionDate "2019.09.30"]
[SourceQuality "1"]

1. d4 d5 2. c4 c6 3. e3 Nf6 4. Nf3 Bf5 5. Nc3 e6 6. Nh4 Be4 7. f3 Bg6 8. Qb3 Qc7 9. Bd2 Be7 10. Nxg6 hxg6 11. g3 0-0 12. Bg2 dxc4 13. Qxc4 Nbd7 14. f4 Rac8 15. Rc1 c5 16. 0-0 cxd4 17. Qxc7 Rxc7 18. exd4 Nb6 19. Ne2 Rd7 20. h3 Nfd5 21. Rc2 Rfd8 22. Rfc1 Bb4 23. Bxb4 Nxb4 24. Rc7 Kf8 25. Be4 Nxa2 26. Rxd7 Rxd7 27. Ra1 Nb4 28. Rxa7 Ke7 29. Nc3 N6d5 30. Ra4 1/2-1/2

[Event "GER-ch48 sf02 email"]
[Site "GER email"]
[Date "2016.07.03"]
[Round "?"]
[White "Milde, Lars"]
[Black "Schuster, Ullrich"]
[Result "1/2-1/2"]
[WhiteElo "2303"]
[BlackElo "2350"]
[PlyCount "89"]
[EventDate "2016.??.??"]
[EventType "tourn (corr)"]
[EventRounds "12"]
[EventCountry "GER"]
[SourceTitle "Corr 2017"]
[Source "ChessBase"]
[SourceDate "2017.09.19"]
[SourceVersion "1"]
[SourceVersionDate "2017.09.19"]
[SourceQuality "1"]

1. e4 c5 2. Nf3 Nc6 3. d4 cxd4 4. Nxd4 Nf6 5. Nc3 e5 6. Ndb5 d6 7. Bg5 a6 8. Na3 b5 9. Nd5 Be7 10. Bxf6 Bxf6 11. c3 Bg5 12. Nc2 Rb8 13. a3 0-0 14. Be2 Ne7 15. Ncb4 Nxd5 16. Nxd5 Be6 17. 0-0 Qd7 18. Qd3 Kh8 19. Rad1 Bh6 20. Qg3 f5 21. exf5 Bxf5 22. Bd3 Bg4 23. f3 Be6 24. Be4 Qd8 25. Rd3 Bg5 26. Qf2 Qc8 27. Kh1 a5 28. Rfd1 Qd8 29. b4 a4 30. Qg1 g6 31. g3 Bf5 32. Bxf5 gxf5 33. c4 bxc4 34. Rc3 Rc8 35. Qf1 f4 36. g4 e4 37. Rxc4 exf3 38. Rxc8 Qxc8 39. Qxf3 Qc4 40. Rb1 Bf6 41. b5 Bb2 42. b6 Rb8 43. Rd1 Qc6 44. Rd3 Qc2 45. Kg1 1/2-1/2

[Event "GER-ch48 sf02 email"]
[Site "GER email"]
[Date "2016.07.03"]
[Round "?"]
[White "Schuster, Ullrich"]
[Black "Noeth, Dieter"]
[Result "1/2-1/2"]
[WhiteElo "2350"]
[BlackElo "2357"]
[PlyCount "87"]
[EventDate "2016.??.??"]
[EventType "tourn (corr)"]
[EventRounds "12"]
[EventCountry "GER"]
[SourceTitle "Corr 2017"]
[Source "ChessBase"]
[SourceDate "2017.09.19"]
[SourceVersion "1"]
[SourceVersionDate "2017.09.19"]
[SourceQuality "1"]

1. Nf3 Nf6 2. c4 g6 3. Nc3 d5 4. cxd5 Nxd5 5. Qb3 Nb6 6. d4 Bg7 7. Bf4 Be6 8. Qa3 0-0 9. e3 N8d7 10. Rd1 c6 11. Ng5 Bd5 12. e4 e5 13. dxe5 Re8 14. Nf3 Nxe5 15. Nxe5 Bxe5 16. Bxe5 Rxe5 17. Bd3 Qh4 18. g3 Qh3 19. f4 Ree8 20. Kf2 Bc4 21. Bxc4 Nxc4 22. Qc5 Nb6 23. e5 Rad8 24. Ne4 Nd5 25. Ng5 Qg4 26. Qc2 Kg7 27. Nf3 h6 28. a3 a6 29. Rhe1 Qh3 30. Rd2 Nc7 31. Red1 Rxd2+ 32. Rxd2 Nd5 33. Qb3 Re7 34. Qd3 g5 35. fxg5 hxg5 36. Re2 Rd7 37. e6 Re7 38. exf7 Rxf7 39. Kg1 Qg4 40. Ne5 Nf4 41. Nxg4 Nxd3 42. b4 c5 43. bxc5 Rc7 44. Kg2 1/2-1/2

[Event "GER-ch48 sf02 email"]
[Site "GER email"]
[Date "2016.07.03"]
[Round "?"]
[White "Schuster, Ullrich"]
[Black "Utesch, Wolfgang"]
[Result "1/2-1/2"]
[WhiteElo "2350"]
[BlackElo "2470"]
[PlyCount "71"]
[EventDate "2016.??.??"]
[EventType "tourn (corr)"]
[EventRounds "12"]
[EventCountry "GER"]
[SourceTitle "Corr 2017"]
[Source "ChessBase"]
[SourceDate "2017.09.19"]
[SourceVersion "1"]
[SourceVersionDate "2017.09.19"]
[SourceQuality "1"]

1. d4 d6 2. Nf3 g6 3. c4 Bg7 4. Nc3 Nf6 5. e4 0-0 6. Be2 e5 7. 0-0 Nc6 8. d5 Ne7 9. Ne1 Nd7 10. Be3 f5 11. f3 f4 12. Bf2 g5 13. Rc1 Ng6 14. c5 Nxc5 15. b4 Na6 16. Nd3 h5 17. Nb5 Bd7 18. a4 Bh6 19. Rc3 b6 20. Be1 Rf7 21. Nf2 Bc8 22. Rc4 Nf8 23. Bd2 Nh7 24. Kh1 Bg7 25. Rg1 Bf6 26. g3 Kh8 27. Qc1 Qd7 28. Qf1 Qd8 29. g4 Be7 30. gxh5 Nf6 31. Rc1 Bd7 32. Nxd6 cxd6 33. Bxa6 Nxh5 34. Bb5 Bc8 35. Ba6 Bd7 36. Bb5 1/2-1/2